000 00443nam a2200157Ia 4500
005 20250923144857.0
008 008 250917s9999 xx 000 0 eng d
037 _aTextual
040 _aDSWL
_beng
_cDSWL
041 _aeng
_2eng
084 _aYXp2,N63, N64
_qDSWL
245 0 _aReport of the Seminar on Social Welfare in Developing Economy
260 _c1963
942 _cTEXL
_hYXp2,N63, N64
999 _c1444470
_d1444470